Elementary mechanics of solids / (Record no. 544226)

000 -LEADER
fixed length control field 00637pam a2200193 a 4500
020 ## - INTERNATIONAL STANDARD BOOK NUMBER
International Standard Book Number 0470271493
082 00 - DEWEY DECIMAL CLASSIFICATION NUMBER
Classification number 531.3
Author Mark BAX
-- L-5, P-13.
100 1# - MAIN ENTRY--PERSONAL NAME
Personal name Singh, Pashupati Nath.
9 (RLIN) 39795
245 10 - TITLE STATEMENT
Title Elementary mechanics of solids /
Statement of responsibility, etc. Pashupati Nath Singh, Prem Kumar Jha.
260 ## - PUBLICATION, DISTRIBUTION, ETC.
Place of publication, distribution, etc. New York :
Name of publisher, distributor, etc. Wiley ;
Place of publication, distribution, etc. New Delhi :
Name of publisher, distributor, etc. Wiley Eastern,
Date of publication, distribution, etc. [1981] c1980.
300 ## - PHYSICAL DESCRIPTION
Extent xvi, 616 p. :
Other physical details ill. ;
Dimensions 24 cm.
500 ## - GENERAL NOTE
General note "A Halsted Press book."
500 ## - GENERAL NOTE
General note Includes index.
526 ## - STUDY PROGRAM INFORMATION NOTE
Program name 0
Interest level 0
Reading level 0
Title point value 531_300000000000000_BAX
650 #0 - SUBJECT ADDED ENTRY--TOPICAL TERM
Topical term or geographic name entry element MCE
9 (RLIN) 379
650 #0 - SUBJECT ADDED ENTRY--TOPICAL TERM
Topical term or geographic name entry element Strength of materials.
9 (RLIN) 563
700 1# - ADDED ENTRY--PERSONAL NAME
Personal name Jha, Prem Kumar.
9 (RLIN) 39796
942 ## - ADDED ENTRY ELEMENTS (KOHA)
Source of classification or shelving scheme
Koha item type Book
Holdings
Withdrawn status Lost status Source of classification or shelving scheme Damaged status Not for loan Permanent Location Current Location Date acquired Total Checkouts Full call number Barcode Date last seen Price effective from Koha item type
          Military College of Engineering (MCE) Military College of Engineering (MCE) 04/15/2014   531.3 BAX MCE-29213 04/15/2014 04/15/2014 Book
© 2023 Central Library, National University of Sciences and Technology. All Rights Reserved.